Регионална библиотека "Любен Каравелов" - Русе

Надали (Запис номер 121714)

MARC детайли
000 -Лидер
Контролно поле с фиксирана дължина 00954nam a2200265 c 4500
003 - Код на организацията, давaща контролен номер
Контролно поле BLK
005 - Дата и час на последна редакция
Контролно поле 20211201094902.0
008 - Елементи от данни с фиксирана дължина
fixed length control field 180409b bul|||||r ||||||| ||bul||
010 ## - Наследен системен номер
LC control number KNG00127346000
040 ## - Източник на каталожния запис
Идентификатор на билиотеката - собственик на записа BLK
041 ## - Код за език
Код за езика на текст/звукозапис или на отделно заглавие Български
Код за езика КДБФ Български
080 ## - УДК
Текстов определител УДК Българска литература
УДК код - определител по УДК 821.163.2
УДК определител -31
УДК - код + определител 821.163.2-31
100 1# - Редна дума - Автор
Автор Антонова, Неда Монова
Авторска отговорност първи автор
R(LIN) 369311
139 ## - Редно поле
Редна дума Антонова, Неда Монова
Авторски знак Анто - А 75
245 10 - Сведения за заглавието
Заглавие Надали
Подзаглавни данни Роман
Редно поле (дума) Неда Монова Антонова.
257 ## - Страна на издаване
Страна на създаване/издаване България
260 ## - Област на издателските данни
-- София
Име на издателя, разпространителя и проч. Профиздат
Година на издаване 1987
Печатница В. Търново : Д. Найденов
300 ## - Физическа характеристика
Страници 191 с.
Размери/Мащаб 20 см
380 ## - Жанр
Жанр Худож. лит.
852 ## - Местоположение
Форматна сигнатура Цб 152157
856 4# - Електронен адрес и достъп
Електронен формат pdf - файл
Път до файла /url/
856 4# - Електронен адрес и достъп
Електронен формат pdf - файл
Път до файла /url/
942 ## - АРТИКУЛИ
Вид на библиотечния материал Книги
Скрит в OPAC Не
Koha issues (borrowed), all copies 4
944 ## - СЪЗДАВАНЕ И РЕДАКЦИЯ на ЗАПИСА
Създаване/Редакция Създаване
Дата на регистрацията/редакция 14.02.2012
Статус, дата на статуса 14.02.2012 - от С1,Р / 14.02.2012
Служител, извършил регистрацията/редакцията Виолета_Тройчева
944 ## - СЪЗДАВАНЕ И РЕДАКЦИЯ на ЗАПИСА
Създаване/Редакция Редакция
Дата на регистрацията/редакция 14.02.2012
Статус, дата на статуса 14.02.2012 - от С1,Р / 14.02.2012
Служител, извършил регистрацията/редакцията
999 ## - СИСТЕМНИ КОНТРОЛНИ НОМЕРА
Koha biblionumber 121714
Koha biblioitemnumber 121714
Наличности
Код за отписване Код за изгубен артикул Източник на класификационната схема Код за повреда Коз за рестрикции Код за отдаване Артикулен № Име на библиотеката - собственик Име на библиотеката, в която се намира в момента Статус (Текущо местоположение) Дата на вписване в системата Местоположение - отдел Цена в лева Инвентарен номер Систематично азбучна сигнатура Баркод Номер на екземпляра Цена в евро Служебна бележка Служебен тип на артикула
  Не е изгубен Universal Decimal Classification Не е повреден без рестрикции ползва се в читалня 196732 Регионална библиотека "Любен Каравелов" Русе Регионална библиотека "Любен Каравелов" Русе Хранилище 1987-01-01 Хранилище 1.15 492879 Цб 152157 120000492879 1 0.59 Дост: Dp Вид: Д N: стар фонд Дата: 01.01.1987 Книги
Изтеглен Не е изгубен Universal Decimal Classification Не е повреден без рестрикции заемане за дома 196733 Регионална библиотека "Любен Каравелов" Русе Регионална библиотека "Любен Каравелов" Русе Заемна - подръчен фонд 1987-01-01 Заемна - подръчен фонд 1.15 492558 П 886.7-31/А 75 492558 2 0.59 Дост: Pk Вид: Ф N: стар фонд Дата: 01.01.1987 Книги
Изтеглен Не е изгубен Universal Decimal Classification Не е повреден без рестрикции заемане за дома 196734 Регионална библиотека "Любен Каравелов" Русе Регионална библиотека "Любен Каравелов" Русе Заемна - подръчен фонд 1987-01-01 Заемна - подръчен фонд 1.15 492567 П 886.7-31/А 75 492567 3 0.59 Дост: Pk Вид: Ф N: стар фонд Дата: 01.01.1987 Книги
Изтеглен Не е изгубен Universal Decimal Classification Не е повреден без рестрикции заемане за дома 196735 Регионална библиотека "Любен Каравелов" Русе Регионална библиотека "Любен Каравелов" Русе Заемна - подръчен фонд 1987-01-01 Заемна - подръчен фонд 1.15 492569 П 886.7-31/А 75 492569 4 0.59 Дост: Pk Вид: Ф N: стар фонд Дата: 01.01.1987 Дата инв: 14.02.2018 Бележки инв: П2018 Книги
Vip Innovations Ltd, Rousse, Bulgaria 2025